| 000 | 00531nam a22001937a 4500 | ||
|---|---|---|---|
| 005 | 20210409131253.0 | ||
| 008 | 210409b ||||| |||| 00| 0 eng d | ||
| 020 | _a9789383252916 | ||
| 040 |
_aIN-DiNC _cIN-DiNC |
||
| 041 | _deng | ||
| 082 |
_a823.92 _bBOR |
||
| 100 |
_aBorkakoti, Sanjib Kumar _eauthor |
||
| 245 |
_aThe redeemer/ _cby Sanjib Kumar Borkakoti |
||
| 250 | _a1st ed. | ||
| 260 |
_aGuwahati: _bEBH publishers, _c2016 |
||
| 300 | _a210p. | ||
| 650 | _aBiographical novel on Srimanta Sankaradeva | ||
| 942 |
_2ddc _cBK |
||
| 999 |
_c11177 _d11177 |
||